Top 15 landen met Covid-19 sterfgevallen - 8 december 2021 - Statistieken

Algemene statistieken
  • Deze quiz is 2 keer genomen
  • De gemiddelde score is 7 van 27
Antwoordstatistieken
land % Correct
Brazilië
100%
Frankrijk
100%
Verenigde Staten
100%
Argentinië
50%
Colombia
50%
Hongarije
50%
India
50%
Mexico
50%
Rusland
50%
Verenigd Koninkrijk
50%
Armenië
0%
Bosnië en Herzegovina
0%
Bulgarije
0%
Duitsland
0%
Georgië
0%
Indonesië
0%
Iran
0%
Italië
0%
Kroatië
0%
Litouwen
0%
Noord-Macedonië
0%
Peru
0%
Roemenië
0%
Slovenië
0%
Slowakije
0%
Tsjechië
0%
Zuid-Afrika
0%
Geen overeenkomende quizzen gevonden
Scoreverdeling
Procent van Mensen met Elke Score
Percentiel versus Aantal Correcte Antwoorden
Uw Scoregeschiedenis
U heeft deze quiz nog niet genomen